000 00293nam a2200109Ia 4500
008 220204s9999 xx 000 0 und d
082 _a339.5
_bCHA;1
100 _aChacholiades, Miltiades
245 0 _aIntenational trade theory and policy
260 _aNew York
_bMcGraw Hill
_c1978
942 _cBK
999 _c27752
_d27752